000 00350pab a2200133 454500
008 180718b1988 xxu||||| |||| 00| 0 eng d
245 _aSpecial issue on visionary realism and political leadership
260 _c1988
300 _a1-86
362 _aJan.
650 _aLeadership
773 _aInternational Political Science Review
909 _a12399
999 _c12399
_d12399